| 000 | 00818nam a2200229 a 4500 | ||
|---|---|---|---|
| 005 | 20210223124210.0 | ||
| 008 | 010619s1999 es r 000 0 spa d | ||
| 020 | _a8441508070 | ||
| 035 | _aUPN01000108611 | ||
| 049 | _aCG | ||
| 050 | 4 |
_aTK5105.888 A6 _bK3.2 |
|
| 100 | 1 |
_aKabir, Mohammed J., _d1971- |
|
| 245 | 1 | 3 |
_aLa biblia del servidor Apache / _cMohammed J. Kabir ; tr. Carlos Anaya Alvarez. |
| 260 |
_aMadrid : _bAnaya Multimedia, _cc1999. |
||
| 300 |
_a685 p. + _e1 CD-ROM : son., col. 4 3/4 plg. |
||
| 440 | 3 | _aLa Biblia | |
| 500 | _a"CD-ROM con código fuente y archivos binarios para el servidor Apache y Perl" | ||
| 534 |
_pTraducción de: _tApache server bible |
||
| 650 | 4 |
_aAPACHE (ARCHIVO PARA COMPUTADORA) _97078 |
|
| 650 | 4 |
_aSERVIDORES WEB - _xPROGRAMAS PARA COMPUTADORA _97079 |
|
| 905 | _aLibro | ||
| 999 |
_c82523 _d82523 |
||